Statistics for Percy Jackson - Battle of the Labyrinth Characters

Click here to take the quiz!

General Stats

  • This quiz has been taken 90 times
  • The average score is 11 of 18

Answer Stats

Hint Answer % Correct
Goddess of MarriageHera
96%
Secret identity: QuintusDaedalus
90%
"Tell them the great god ___ is dead."Pan
87%
Saves Percy on OgygiaCalypso
83%
Empousa cheerleaderKelli
77%
Goes insane in the LabyrinthChris Rodriguez
76%
Hundred-Handed OneBriares
72%
Dionysus's son who died in battleCastor
69%
Hit the ground too hard when his wings meltedIcarus
68%
Idiotic traitor with an eyeEthan Nakamura
67%
Evil king ghostMinos
63%
Daedalus's three headed canineMrs. O'Leary
59%
Apollo cabin member; dies in battleLee Fletcher
51%
Apollo cabin, very shortMichael Yew
47%
Evil prison guard at AlcatrazKampé
44%
Trainee empousa cheerleaderTammi
38%
A dodo birdDede
29%
In his opinion, Posiedon's favorite sonAntaeus
21%

Score Distribution

Percentile by Number Answered

Percent of People with Each Score

Your Score History

You have not taken this quiz